000 01189cab a2200229 4500
001 ABS68640
008 050124n2005 000 0 eng u
035 _a(Sirsi) u128582
100 _aSmulian, J.
245 _aFlat proposals put focus on guidance
260 _c2005
490 _aPlanning (for the Natural and Built Environment)
_v(1601) 7 January 2005, 14-15(2)
520 _aLooks at an increasing trend where older houses are gradually being replaced by apartment developments, a trend reinforced by government demands for higher densities on brownfield sites. Objections to relatively small flat developments are twofold: increased density puts pressure on parking, services and amenities and too many blocks of flats replacing houses in a given area can permanently alter the area's streetscape and character. Reviews developments across the country and features how Solihull has used supplementary planning guidance to improve redevelopment proposals.
590 _aABS
650 _aHIGH DENSITY HOUSING
650 _aBROWNFIELD SITES
650 _aSUSTAINABLE DEVELOPMENT
650 _aSOLIHULL
650 _aFLATS
690 _aHOUSING-DEVELOPMENT
942 _n0
999 _c74738
_d74738